Cronología de los reyes españoles
Shranjeno v:
| Format: | Elektronski eKnjiga |
|---|---|
| Jezik: | španščina |
| Izdano: |
Barcelona :
www.Linkgua.com,
2011.
|
| Serija: | Memorias (Linkgua Ediciones)
|
| Teme: | |
| Online dostop: | Digitalia Hispánica |
| Oznake: |
Označite
Brez oznak, prvi označite!
|
MARC
| LEADER | 00000nam a2200000Ii 4500 | ||
|---|---|---|---|
| 001 | DIGLINK00311 | ||
| 003 | NyNyDIG | ||
| 006 | m o d | ||
| 007 | cr ||||||||||| | ||
| 008 | 140101s2011 sp o 000 0 spa d | ||
| 020 | |a 9788498976182 |q (eBook) | ||
| 020 | |z 9788498167634 | ||
| 040 | |a DGITA |b eng |e pn |c DGITA | ||
| 043 | |a e-sp--- |a e-po--- | ||
| 050 | 1 | 4 | |a DP59 eBook |
| 245 | 0 | 0 | |a Cronología de los reyes españoles |
| 264 | 1 | |a Barcelona : |b www.Linkgua.com, |c 2011. | |
| 300 | |a 1 online resource (28 pages) | ||
| 336 | |a text |b txt |2 rdacontent | ||
| 337 | |a computer |b c |2 rdamedia | ||
| 338 | |a online resource |b cr |2 rdacarrier | ||
| 490 | 1 | |a Memorias. | |
| 651 | 0 | |a Spain |x Kings and rulers |v Chronology. | |
| 651 | 0 | |a Spain |x Kings and rulers |v Genealogy. | |
| 651 | 0 | |a Portugal |x Kings and rulers |v Chronology. | |
| 651 | 0 | |a Portugal |x Kings and rulers |v Genealogy. | |
| 655 | 0 | |a Electronic books. | |
| 791 | 2 | |a Digitalia (Firm), |e distributor. | |
| 830 | 0 | |a Memorias (Linkgua Ediciones) | |
| 793 | 0 | |g Digitalia eBook Collection: |a Linkgua. | |
| 856 | 4 | 0 | |3 Digitalia Hispánica |u https://digitalia.unach.elogim.com/a/16469/ |
| 910 | |a Premium Collection: 2007-2012 | ||